Book Series Authors Quiz Stats

 Plays Quiz Updated Nov 13, 2018

Support Sporcle.
Go Orange.
Score 0/30 Timer 08:00
0 Plays Today
Series/Main Character Author % Correct
Harry PotterJ. K. Rowling
93.9%
The Lord of the RingsJ. R. R. Tolkien
82.3%
The Chronicles of NarniaC. S. Lewis
79.3%
Sherlock HolmesSir Arthur Conan Doyle
74.2%
A Series of Unfortunate EventsLemony Snicket
59.7%
James BondIan Fleming
58.3%
Twilight SagaStephenie Meyer
52.8%
Hercule PoirotAgatha Christie
50.5%
GoosebumpsR.L. Stine
47.3%
OzL. Frank Baum
39.9%
His Dark MaterialsPhilip Pullman
39%
The Dark TowerStephen King
34%
FudgeJudy Blume
31.1%
Jack RyanTom Clancy
28.1%
DuneFrank Herbert / Brian Herbert and Kevin J. Anderson
27.2%
Series/Main Character Author % Correct
Jason BourneRobert Ludlum
26.8%
Ramona QuimbyBeverly Cleary
26.6%
DiscworldTerry Pratchett
25.9%
Berenstain BearsStan and Jan Berenstain
22.7%
Nancy DrewCarolyn Keene
20.7%
Wheel of TimeRobert Jordan
15.3%
The Baby-Sitters ClubAnn M. Martin
13.3%
Curious GeorgeMargret and H. A. Rey
11.9%
The Hardy BoysFranklin W. Dixon
11.5%
Left BehindTim LaHaye and Jerry B. Jenkins
8.3%
Kinsey MillhoneSue Grafton
8.2%
The Boxcar ChildrenGertrude Chandler Warner
7.1%
The Cat Who...Lilian Jackson Braun
6.6%
Encyclopedia BrownDonald J. Sobol
5.9%
The Magic School BusJoanna Cole
3.6%

From the Vault

Underwhelmed Tourists IV

by ddavey1983

Geography 10m
Been there. Seen that. Got the T-shirt.
Remove Ads.
Support Sporcle.
Get the best of Sporcle when you Go Orange. This ad-free experience offers more features, more stats, and more fun while also helping to support Sporcle. Thank you for becoming a member.

Show Comments

Extras

Top Quizzes Today


Score Distribution

Your Account Isn't Verified!

In order to create a playlist on Sporcle, you need to verify the email address you used during registration. Go to your Sporcle Settings to finish the process.

Report this User

Report this user for behavior that violates our Community Guidelines.

Details: